LEADER 01353nam a2200289 u 4500 001 000000034611 003 CaOOAMICUS 005 20070226112507.0 008 980209s1997 it u000 u ita u 020 $a8837216181 035 $a10781911 040 $aPULR)$bita 245 00$aDietrich Bonhoeffer :$bdalla debolezza di Dio alla responsabilità dell'uomo : atti del convegno tenuto a Trento dal 5 al 7 aprile 1995 /$c[a cura di] Alberto Conci [e] Silvano Zucal. 260 $aBrescia :$bMorcelliana,$c1997. 300 $a431 p. ;$c24 cm 500 $aContiene indici: p. [425]-436. 504 $aNote bibliografiche. 600 14$aBonhoeffer, Dietrich,$d1906-1945$xCorrispondenza.$0(OLS)http://pul/subject/17544 700 1 $aZucal, Silvano.$0(OLS)http://pul/name/15105 700 1 $aConci, Alberto.$0(OLS)http://pul/name/26643 850 $aPUL 852 $aPUL$W1$xSL Religione 1$y3$m75 M 75$j47371$nBK-PRI$b $qStampati$B47371$CPULBib$Z2$F47371 $H $81 941 1 $a8 961 $aINV: 77436 996 $6020$a8837216181$9(OLS)http://pul/number/43509 996 $6245$aDietrich Bonhoeffer :$bdalla debolezza di Dio alla responsabilità dell'uomo : atti del convegno tenuto a Trento dal 5 al 7 aprile 1995$9(OLS)http://pul/title/47663 996 $6260$aBrescia :$bMorcelliana$9(OLS)http://pul/publisher/47854 LEADER 01339nam a2200289 a 4500 001 000000135607 003 CaOOAMICUS 005 20131007111523.0 008 131007s2012 gw u000 u ger r 020 $a978-3-579-02677-0 040 $aPUL$bita 100 1 $aBuber, Martin,$d1878-1965.$0(OLS)http://pul/name/5557 245 10$aEkstatische Konfessionen /$cMartin Buber ; Herausgegeben, eingeleitet und kommentiert von David Groiser. 260 $aGütersloh :$bGütersloher Verlagshaus,$c2012. 300 $a383 p. ;$c23 cm+$e1 CD-Rom 490 1 $aMartin Buber Werkausgabe ;$v2.2 504 $aInclude riferimenti bibliografici ed indice. 700 1 $aGroiser, David.$0(OLS)http://pul/name/87316 800 1 $aBuber, Martin,$d1878-1965.$tOpere.$0(OLS)http://pul/nameTitle/1137$0(OLS)http://pul/name/5557$0(OLS)http://pul/title/5258 830 0$aMartin Buber Werkausgabe ;$v2.2.$0(OLS)http://pul/title/151025 850 $aPUL 852 $aPUL$W1$xSL Religione 1$y3$m7(1) M 8.2.2$j156399$qStampati$B155745$CPULBib$Z2$F155745 $H122951 $82 941 1 $a8 996 $6020$a978-3-579-02677-0$9(OLS)http://pul/number/153612 996 $6245$aEkstatische Konfessionen$9(OLS)http://pul/title/171461 996 $6260$aGütersloh :$bGütersloher Verlagshaus$9(OLS)http://pul/publisher/67356